| 000 | 01028nam a2200325 c 4500 | ||
|---|---|---|---|
| 001 | 12167 | ||
| 003 | ES-MaCES | ||
| 005 | 20141221122156.0 | ||
| 008 | 010605s2001 sp t 000 | spa d | ||
| 035 | _aCES20010007276m | ||
| 040 |
_aES-MaCES _bspa _cES-MaCES |
||
| 245 | 0 | 0 | _aMujeres empresarias REDEPYME, 2000/2001 |
| 260 |
_aMadrid _bEOI _c2001 |
||
| 300 |
_a182 p. _c30 cm |
||
| 500 | _aTít. tomado de la cub | ||
| 500 | _aEn la cub. además: Ceca, Confederación Española de Cajas de Ahorros; Union Europea, Fondo Social Europeo | ||
| 541 | _cGratuito | ||
| 650 | 4 |
_amujeres _928657 |
|
| 650 | 4 |
_aempresaria _930568 |
|
| 650 | 4 |
_aEspaña _926964 |
|
| 650 | 4 |
_a2000-2001 _931531 |
|
| 650 | 4 |
_adirectorio _928972 |
|
| 653 | 1 | 0 | _aMujer |
| 710 | 2 |
_aEscuela de Organización Industrial _eed. _92702 |
|
| 710 | 2 |
_aConfederación Española de Cajas de Ahorros _92250 |
|
| 710 | 2 |
_aFondo Social Europeo _93639 |
|
| 902 | _aLIB Libro | ||
| 942 |
_2CES _cBK _h3.3. |
||
| 999 |
_c12167 _d12167 |
||